FIBA Basketball World Cup Winners - Statistics

General Stats
  • This quiz has been taken 68 times
  • The average score is 11 of 19
Answer Stats
Year Host Winner % Correct
2023 Philippines, Japan, Indonesia Germany
96%
2014 Spain United States
83%
2019 China Spain
81%
2010 Turkey United States
81%
1994 Canada United States
69%
2006 Japan Spain
67%
1986 Spain United States
60%
1954 Brazil United States
54%
1998 Greece FR Yugoslavia
52%
1990 Argentina Yugoslavia
52%
1967 Uruguay Soviet Union
50%
1970 Yugoslavia Yugoslavia
50%
1950 Argentina Argentina
48%
1963 Brazil Brazil
48%
1982 Colombia Soviet Union
48%
1959 Chile Brazil
46%
2002 United States FR Yugoslavia
46%
1974 Puerto Rico Soviet Union
46%
1978 Philippines Yugoslavia
44%
No matching quizzes found
Score Distribution
Percent of People with Each Score
Percentile by Number Answered
Your Score History
You have not taken this quiz